[Event "Campo Grande Challenger"]
[Site "Campo Grande"]
[Date "2016.06.10"]
[Round "1.2"]
[White "Duailibe, Ricardo Miguel"]
[Black "De Moura, Fernando Alves"]
[Result "1/2-1/2"]
[WhiteElo "1889"]
[BlackElo "1769"]
[PlyCount "58"]
[EventDate "2016.06.10"]
[EventType "tourn"]
[EventRounds "5"]
[EventCountry "BRA"]
[SourceTitle "EXT 2022"]
[Source "ChessBase"]
[SourceDate "2021.10.06"]
[SourceVersion "1"]
[SourceVersionDate "2021.10.06"]
[SourceQuality "1"]

1. e4 e6 2. d4 d5 3. e5 c5 4. c3 Qb6 5. Nf3 Nc6 6. Be2 cxd4 7. cxd4 Nge7 8. Nc3 Nf5 9. Bb5 Bb4 10. Bxc6+ bxc6 11. 0-0 Ba6 12. Re1 c5 13. Qa4+ Kf8 14. a3 Bxc3 15. bxc3 Bd3 16. g4 Ne7 17. dxc5 Qxc5 18. Be3 Qc4 19. Qb4 Qxb4 20. axb4 Nc6 21. b5 Bxb5 22. Reb1 Be2 23. Nd4 Nxd4 24. Bxd4 g6 25. h3 a6 26. Rb7 Kg7 27. Rab1 Bb5 28. f4 Rhb8 29. Rxb8 Rxb8 1/2-1/2

[Event "Campo Grande Circuito Estadual"]
[Site "Campo Grande"]
[Date "2015.09.13"]
[Round "4.6"]
[White "De Moura, Fernando Alves"]
[Black "Ostemberg, Jorge Aparecido Rod"]
[Result "1-0"]
[WhiteElo "1797"]
[BlackElo "1800"]
[PlyCount "37"]
[EventDate "2015.09.12"]
[EventType "swiss"]
[EventRounds "5"]
[EventCountry "BRA"]
[SourceTitle "EXT 2022"]
[Source "ChessBase"]
[SourceDate "2021.10.06"]
[SourceVersion "1"]
[SourceVersionDate "2021.10.06"]
[SourceQuality "1"]

1. d4 d6 2. Nf3 Bg4 3. e4 Bxf3 4. Qxf3 c6 5. Nc3 e6 6. Be3 Be7 7. Qg3 Bf8 8. Be2 Nf6 9. Bg5 Be7 10. Bxf6 Bxf6 11. e5 dxe5 12. dxe5 Bg5 13. Ne4 Bh6 14. Nd6+ Kf8 15. Rd1 Qc7 16. Qa3 Kg8 17. Nxb7 Nd7 18. Qe7 Qxb7 19. Rxd7 1-0

[Event "Campo Grande Circuito Estadual"]
[Site "Campo Grande"]
[Date "2015.09.12"]
[Round "3.5"]
[White "Cristino, Felipe Borges"]
[Black "De Moura, Fernando Alves"]
[Result "1-0"]
[WhiteElo "1985"]
[BlackElo "1797"]
[PlyCount "33"]
[EventDate "2015.09.12"]
[EventType "swiss"]
[EventRounds "5"]
[EventCountry "BRA"]
[SourceTitle "EXT 2022"]
[Source "ChessBase"]
[SourceDate "2021.10.06"]
[SourceVersion "1"]
[SourceVersionDate "2021.10.06"]
[SourceQuality "1"]

1. e4 e6 2. c4 d5 3. cxd5 exd5 4. exd5 Nf6 5. Nc3 Nxd5 6. Bc4 Nf6 7. Qb3 Qd7 8. Nf3 Bd6 9. Nd5 Nxd5 10. Bxd5 c6 11. Bc4 Qe7+ 12. Kd1 0-0 13. Re1 Qc7 14. Ng5 Be6 15. Bxe6 fxe6 16. Rxe6 Kh8 17. Qd3 1-0

[Event "Campo Grande 3rd"]
[Site "Campo Grande"]
[Date "2014.06.21"]
[Round "7"]
[White "Lima, Vinicius Taishun"]
[Black "De Moura, Fernando Alves"]
[Result "0-1"]
[WhiteElo "1720"]
[BlackElo "1800"]
[PlyCount "112"]
[EventDate "2014.06.19"]
[EventType "tourn"]
[EventRounds "9"]
[EventCountry "BRA"]
[SourceTitle "CBM 161 Extra"]
[Source "ChessBase"]
[SourceDate "2014.08.29"]
[SourceVersion "1"]
[SourceVersionDate "2014.08.29"]
[SourceQuality "1"]

1. e4 e6 2. d4 d5 3. exd5 exd5 4. Nc3 c6 5. Nf3 Bd6 6. Bd3 Ne7 7. 0-0 0-0 8. Bg5 f6 9. Bh4 Bf5 10. Re1 Bxd3 11. Qxd3 Ng6 12. Bg3 Bxg3 13. hxg3 Nd7 14. Qf5 Re8 15. Rxe8+ Qxe8 16. Re1 Qf7 17. Qe6 Qxe6 18. Rxe6 Kf7 19. Re3 Re8 20. Rxe8 Kxe8 21. Kf1 Nb6 22. b3 Ke7 23. Ne2 Ke6 24. g4 h6 25. g3 Nd7 26. Nf4+ Nxf4 27. gxf4 f5 28. g5 h5 29. Ne5 Nf8 30. Kg2 Ke7 31. c3 Kd6 32. a4 c5 33. dxc5+ Kxc5 34. b4+ Kd6 35. Kf3 Nd7 36. Nxd7 Kxd7 37. Kg3 g6 38. Kf3 Kc6 39. Ke3 h4 40. Kf3 a5 41. bxa5 Kc5 42. Ke3 Kc4 43. a6 bxa6 44. a5 Kxc3 45. Ke2 d4 46. Ke1 d3 47. Kf1 Kc2 48. Kg2 d2 49. Kh3 d1Q 50. Kg2 Qg4+ 51. Kf1 h3 52. Ke1 Qg1+ 53. Ke2 h2 54. f3 Qd4 55. Kf1 h1Q+ 56. Ke2 Qd2# 0-1

[Event "Campo Grande 3rd"]
[Site "Campo Grande"]
[Date "2014.06.20"]
[Round "6"]
[White "De Moura, Fernando Alves"]
[Black "Lima, Aine Carolina"]
[Result "1-0"]
[WhiteElo "1800"]
[BlackElo "1683"]
[PlyCount "47"]
[EventDate "2014.06.19"]
[EventType "tourn"]
[EventRounds "9"]
[EventCountry "BRA"]
[SourceTitle "CBM 161 Extra"]
[Source "ChessBase"]
[SourceDate "2014.08.29"]
[SourceVersion "1"]
[SourceVersionDate "2014.08.29"]
[SourceQuality "1"]

1. e4 e5 2. Nf3 Nc6 3. Bc4 Nf6 4. Ng5 d5 5. exd5 Nxd5 6. Nxf7 Kxf7 7. Qf3+ Ke6 8. Nc3 Qf6 9. Qxd5+ Ke7 10. 0-0 Be6 11. Qxe6+ Qxe6 12. Bxe6 Kxe6 13. Re1 Bd6 14. Ne4 Raf8 15. Nxd6 cxd6 16. c3 h5 17. d4 Kd5 18. dxe5 Nxe5 19. Bg5 Rf5 20. h4 Rhf8 21. Rad1+ Kc6 22. Be3 Nc4 23. Bxa7 Rxf2 24. Bxf2 1-0

[Event "Campo Grande 3rd"]
[Site "Campo Grande"]
[Date "2014.06.20"]
[Round "5"]
[White "Diniz, Debora Lais de And"]
[Black "De Moura, Fernando Alves"]
[Result "1-0"]
[WhiteElo "1817"]
[BlackElo "1800"]
[PlyCount "27"]
[EventDate "2014.06.19"]
[EventType "tourn"]
[EventRounds "9"]
[EventCountry "BRA"]
[SourceTitle "CBM 161 Extra"]
[Source "ChessBase"]
[SourceDate "2014.08.29"]
[SourceVersion "1"]
[SourceVersionDate "2014.08.29"]
[SourceQuality "1"]

1. e4 e6 2. d4 d5 3. Nc3 Bb4 4. e5 c5 5. Qg4 cxd4 6. Qxg7 Bxc3+ 7. bxc3 dxc3 8. Qxh8 Kf8 9. Bh6+ Ke7 10. Bg5+ f6 11. Bxf6+ Nxf6 12. exf6+ Kd7 13. Qxh7+ Kd6 14. f7 1-0